[Event "ICS rated blitz match"]
[Site "204.178.125.65"]
[Date "1999.10.10"]
[Round "?"]
[White "WhiteHorse"]
[Black "Hossa"]
[Result "0-1"]
[WhiteElo "2445"]
[BlackElo "2528"]
[PlyCount "60"]
[EventDate "1999.??.??"]

1. c3 c6 2. d4 d5 3. e3 Nf6 4. f4 Bf5 5. Nf3 e6 6. Bd3 Bxd3 7. Qxd3 Bd6 8. Nbd2
O-O 9. O-O Nbd7 10. b3 c5 11. Bb2 cxd4 12. cxd4 Rc8 13. a3 Qe7 14. Ne5 Rc7 15.
b4 Rfc8 16. Nb3 Ne4 17. Rac1 f6 18. Nxd7 Qxd7 19. Nc5 Bxc5 20. dxc5 Kh8 21. Bd4
b6 22. Rf3 bxc5 23. bxc5 Nxc5 24. Qb1 Ne4 25. Rd1 Rc2 26. Rh3 e5 27. fxe5 Qg4
28. Rg3 Nxg3 29. exf6 Qe2 30. fxg7+ 30... Kg8 {WhiteHorse resigns} 0-1

[Event "ICS rated blitz match"]
[Site "204.178.125.65"]
[Date "1999.09.29"]
[Round "?"]
[White "WhiteHorse"]
[Black "Hossa"]
[Result "0-1"]
[WhiteElo "2257"]
[BlackElo "2454"]
[PlyCount "66"]
[EventDate "1999.??.??"]

1. a3 d5 2. d4 Bg4 3. Nf3 Nd7 4. e3 e5 5. Be2 e4 6. Nfd2 Bxe2 7. Qxe2 Bd6 8. c4
c6 9. b3 Ne7 10. Bb2 O-O 11. Nc3 Qb8 12. O-O-O b5 13. c5 Bc7 14. f3 b4 15. axb4
exf3 16. gxf3 Qxb4 17. Rdg1 Rfe8 18. Qg2 Ng6 19. h4 Rxe3 20. Nd1 Rd3 21. h5 Bf4
22. hxg6 fxg6 23. Qg4 Bxd2+ 24. Kb1 Nf8 25. Rg2 Qxb3 26. Rgh2 Ba5 27. Rxh7
Rxd1+ 28. Rxd1 Qxd1+ 29. Ka2 Rb8 30. Rh2 Bd2 31. Rxd2 Qxd2 32. Qe6+ Nxe6 33.
Ka3 33... Qa5# {WhiteHorse checkmated} 0-1

[Event "ICS rated blitz match"]
[Site "204.178.125.65"]
[Date "1999.09.22"]
[Round "?"]
[White "Wholafed"]
[Black "Hossa"]
[Result "0-1"]
[WhiteElo "1842"]
[BlackElo "2202"]
[PlyCount "86"]
[EventDate "1999.??.??"]

1. e4 e6 2. d4 d5 3. Nd2 c5 4. exd5 Qxd5 5. Ngf3 cxd4 6. Bc4 Qc5 7. O-O Nc6 8.
Bb3 Nf6 9. c3 dxc3 10. bxc3 Qxc3 11. Rb1 Be7 12. Bb2 Qd3 13. Bc2 Qd5 14. Bb3
Qd8 15. Qe2 O-O 16. Rfd1 Nd5 17. Ne4 b6 18. Ne5 Nxe5 19. Bxe5 f6 20. Bb2 Qd7
21. Qg4 Bb7 22. Qg3 Rad8 23. h4 Qc6 24. h5 Rf7 25. h6 f5 26. Ng5 Nf4 27. Re1
Bxg5 28. hxg7 Bh6 29. Rbc1 Qxg2+ 30. Qxg2 Bxg2 31. Rc3 Bd5 32. Bxd5 exd5 33.
Ra3 d4 34. Rg3 Rxg7 35. Rxg7+ Bxg7 36. Re7 Bf8 37. Rxa7 d3 38. Bc1 Ne2+ 39. Kg2
Nxc1 40. a4 d2 41. a5 d1=Q 42. axb6 Qg4+ 43. Kf1 43... Rd1# {
Wholafed checkmated} 0-1

[Event "ICS rated blitz match"]
[Site "204.178.125.65"]
[Date "1999.10.03"]
[Round "?"]
[White "Wildbill"]
[Black "Hossa"]
[Result "1/2-1/2"]
[WhiteElo "2215"]
[BlackElo "2518"]
[PlyCount "50"]
[EventDate "1999.??.??"]

1. e4 c5 2. Nf3 Nc6 3. Bb5 g6 4. Bxc6 bxc6 5. O-O Bg7 6. d3 Nf6 7. Nbd2 O-O 8.
Re1 Ba6 9. h3 d5 10. c4 Nd7 11. Qa4 Bb7 12. Rb1 e5 13. Qb3 Qb6 14. Qc3 Rab8 15.
b3 Qa6 16. Ra1 f6 17. Bb2 Rfe8 18. Nf1 Red8 19. Qc2 Nb6 20. Ne3 Qa5 21. Bc3 Qa3
22. Bb2 Qb4 23. Bc3 Qa3 24. Bb2 Qb4 25. Bc3 25... Qa3 {Game drawn by repetition
} 1/2-1/2

[Event "ICS rated blitz match"]
[Site "204.178.125.65"]
[Date "1999.10.03"]
[Round "?"]
[White "Wildbill"]
[Black "Hossa"]
[Result "1/2-1/2"]
[WhiteElo "2211"]
[BlackElo "2522"]
[PlyCount "66"]
[EventDate "1999.??.??"]

1. e3 c5 2. b3 d5 3. Bb2 Nc6 4. f4 Nf6 5. Bb5 a6 6. Bxc6+ bxc6 7. Nf3 Bg4 8.
O-O e6 9. Qe1 Bxf3 10. Rxf3 Be7 11. d3 O-O 12. Rh3 Rb8 13. Nd2 Ne8 14. e4 Rb7
15. Rd1 Qa5 16. a4 Qb6 17. Kh1 Bf6 18. e5 Be7 19. Qe2 g6 20. Nf3 Ng7 21. Bc1
Nf5 22. Bd2 Rfb8 23. g4 Nd4 24. Nxd4 cxd4 25. g5 Qc5 26. Be1 a5 27. Qf2 Qb6 28.
Rh6 Kg7 29. Rh3 Kh8 30. Rh6 Bf8 31. Rh3 Be7 32. Rh6 Bf8 33. Rh3 33... Be7 {
Game drawn by repetition} 1/2-1/2

[Event "ICS rated blitz match"]
[Site "204.178.125.65"]
[Date "1999.10.02"]
[Round "?"]
[White "Wildbill"]
[Black "Hossa"]
[Result "1-0"]
[WhiteElo "2310"]
[BlackElo "2478"]
[PlyCount "78"]
[EventDate "1999.??.??"]

1. e4 Nf6 2. Nc3 e5 3. f4 exf4 4. d4 Bb4 5. e5 Ne4 6. Qf3 Qh4+ 7. Ke2 Ng3+ 8.
hxg3 Qxh1 9. Nh3 fxg3 10. Nd5 Na6 11. c3 Bf8 12. Qxg3 c6 13. Ne3 c5 14. Ng4
cxd4 15. Ngf2 Qxh3 16. gxh3 dxc3 17. bxc3 Nc5 18. Be3 b6 19. Bxc5 bxc5 20. Bg2
Rb8 21. Bd5 Rb2+ 22. Kf1 Ba6+ 23. c4 Rb6 24. Ne4 Bb7 25. Re1 Rg6 26. Qf4 Bxd5
27. cxd5 Be7 28. Nd6+ Bxd6 29. exd6+ Kd8 30. Qe5 Rf6+ 31. Kg1 Kc8 32. Rb1 Rg6+
33. Kh2 Rg4 34. hxg4 h5 35. g5 a5 36. Qb2 c4 37. a4 Rh7 38. Kh3 h4 39. Qb7+
39... Kd8 {Hossa resigns} 1-0

[Event "ICS rated blitz match"]
[Site "204.178.125.65"]
[Date "1999.10.02"]
[Round "?"]
[White "Wildbill"]
[Black "Hossa"]
[Result "0-1"]
[WhiteElo "2310"]
[BlackElo "2494"]
[PlyCount "114"]
[EventDate "1999.??.??"]

1. e4 Nf6 2. Nc3 e5 3. f4 exf4 4. d4 Bb4 5. e5 Ne4 6. Qf3 Qh4+ 7. Ke2 Ng3+ 8.
hxg3 Qxh1 9. Nh3 fxg3 10. Nd5 Na6 11. c3 Bf8 12. Qxg3 c6 13. Ne3 c5 14. Ng4
cxd4 15. Ngf2 Qxh3 16. Nxh3 dxc3 17. bxc3 Nc7 18. a4 Ne6 19. Ba3 Bxa3 20. Rxa3
b6 21. Kd2 Bb7 22. Nf4 O-O 23. Nxe6 dxe6 24. Bd3 Rad8 25. Ke2 Rd7 26. c4 Rfd8
27. Qh3 h6 28. Qe3 Bxg2 29. Be4 Rd2+ 30. Qxd2 Rxd2+ 31. Kxd2 Bxe4 32. Re3 Bb1
33. a5 Ba2 34. Kc3 bxa5 35. Kd4 a4 36. Ra3 Bb3 37. c5 Kf8 38. c6 Ke8 39. Kc5 g5
40. Ra1 Ke7 41. Rh1 g4 42. Rxh6 g3 43. Rh3 g2 44. Rg3 Bd5 45. Kb5 a3 46. c7 Kd7
47. c8=Q+ Kxc8 48. Rc3+ Kb7 49. Rc1 Be4 50. Ka4 Bd3 51. Rg1 a2 52. Ka3 a1=Q+
53. Rxa1 Bf1 54. Rb1+ Kc6 55. Rc1+ Kd5 56. Rd1+ Kxe5 57. Re1+ 57... Kf4 {
Wildbill resigns} 0-1

[Event "ICS rated blitz match"]
[Site "204.178.125.65"]
[Date "1999.10.03"]
[Round "?"]
[White "Wildbill"]
[Black "Hossa"]
[Result "0-1"]
[WhiteElo "2283"]
[BlackElo "2470"]
[PlyCount "206"]
[EventDate "1999.??.??"]

1. e3 c5 2. b3 d5 3. Bb2 Nc6 4. f4 Nf6 5. Nf3 Bg4 6. Bb5 e6 7. Bxc6+ bxc6 8. h3
Bxf3 9. Qxf3 Be7 10. O-O O-O 11. d3 Rb8 12. Nd2 Rb7 13. Rfd1 Qb6 14. Kh1 a6 15.
c4 Re8 16. Kh2 Nd7 17. Kh1 Bf6 18. Bxf6 Nxf6 19. Qf2 Qa5 20. Rdc1 Qa3 21. Nf3
Rc8 22. Ne5 Qa5 23. Qc2 Qc7 24. Qb2 Nh5 25. Qf2 Qd8 26. Rab1 Nf6 27. Ra1 Qd6
28. Rab1 Qc7 29. Ra1 Rb4 30. Qc2 Qd6 31. Rcb1 Rb6 32. Rc1 Nh5 33. Qf2 Rcb8 34.
Qh4 Nf6 35. Qf2 R6b7 36. Qe2 a5 37. Qc2 Rc8 38. Rab1 Nh5 39. Qf2 Re8 40. Kg1
Nf6 41. Qc2 Rc7 42. Rb2 Rb8 43. Rbb1 Rcc8 44. Qe2 Rb7 45. Qc2 Rb4 46. Rb2 Rb6
47. Rbb1 Qd8 48. Rb2 Rc7 49. Rbb1 Rb8 50. Qd2 Rcc8 51. Qc2 Rb4 52. Kh1 Qd6 53.
Kg1 Qe7 54. Kh1 Rbb8 55. Kg1 Ne8 56. Kh1 f6 57. Nf3 Nd6 58. Nd2 Nf5 59. Re1 Ra8
60. Nf3 e5 61. fxe5 fxe5 62. e4 Ng3+ 63. Kh2 dxe4 64. dxe4 Nh5 65. Qd2 Nf4 66.
g3 Rd8 67. Qc2 Ne6 68. Rbd1 Nd4 69. Nxd4 cxd4 70. Qd3 Rf8 71. Rf1 Qa3 72. Rd2
Rxf1 73. Qxf1 Rf8 74. Qe2 Qc1 75. Rd1 Rf2+ 76. Qxf2 Qxd1 77. Qf5 Qc2+ 78. Kg1
Qb1+ 79. Kh2 Qxa2+ 80. Kg1 Qb1+ 81. Kh2 Qc2+ 82. Kg1 Qc1+ 83. Kh2 Qb2+ 84. Kh1
Qxb3 85. Qe6+ Kf8 86. Qd6+ Kf7 87. Qd7+ Kg6 88. Qf5+ Kh6 89. h4 Qxg3 90. Qe6+
g6 91. Qe7 Qe1+ 92. Kh2 Qe2+ 93. Kh1 Qxe4+ 94. Kh2 Qf4+ 95. Kh1 e4 96. Kg2 e3
97. Kh1 d3 98. Kg2 d2 99. Qd7 e2 100. Qxd2 Qxd2 101. Kf2 e1=N+ 102. Kf1 Kh5
103. Kg1 103... Qg2# {Wildbill checkmated} 0-1

[Event "ICS rated blitz match"]
[Site "204.178.125.65"]
[Date "1999.10.03"]
[Round "?"]
[White "Wildbill"]
[Black "Hossa"]
[Result "0-1"]
[WhiteElo "2222"]
[BlackElo "2490"]
[PlyCount "56"]
[EventDate "1999.??.??"]

1. e4 c5 2. Nf3 Nc6 3. d4 cxd4 4. Nxd4 Nf6 5. f3 d5 6. Nxc6 bxc6 7. e5 Nd7 8.
f4 e6 9. Bd3 Bc5 10. Qe2 O-O 11. Nd2 Qh4+ 12. g3 Qh3 13. Nb3 Bb6 14. Be3 c5 15.
Qf2 d4 16. Bd2 Bb7 17. Rg1 f6 18. exf6 Nxf6 19. O-O-O Ng4 20. Qe2 Bd5 21. Bc4
Qxh2 22. Qxe6+ Bxe6 23. Bxe6+ Kh8 24. Rh1 Qe2 25. Rde1 Qf3 26. Rhf1 Nf2 27. Re2
Qxe2 28. Re1 28... Qf3 {Wildbill resigns} 0-1

[Event "ICS rated blitz match"]
[Site "204.178.125.65"]
[Date "1999.10.03"]
[Round "?"]
[White "Wildbill"]
[Black "Hossa"]
[Result "0-1"]
[WhiteElo "2322"]
[BlackElo "2431"]
[PlyCount "118"]
[EventDate "1999.??.??"]

1. e4 e6 2. d4 d5 3. Nc3 Bb4 4. Bd3 c5 5. a3 cxd4 6. axb4 dxc3 7. bxc3 dxe4 8.
Bxe4 Qxd1+ 9. Kxd1 Nf6 10. Bf3 O-O 11. Ne2 e5 12. Ng3 Rd8+ 13. Ke2 Bg4 14. Bxg4
Nxg4 15. h3 Nf6 16. Bg5 Nbd7 17. Rhd1 Rdc8 18. Ra3 g6 19. f3 Kg7 20. Rda1 a6
21. Rd1 h6 22. Bxf6+ Nxf6 23. Ne4 Nxe4 24. fxe4 Rd8 25. Raa1 f5 26. Ke3 Rac8
27. Rxd8 Rxd8 28. Re1 Rc8 29. Kd3 fxe4+ 30. Rxe4 Rd8+ 31. Ke3 Kf6 32. g4 Rd1
33. Ke2 Rc1 34. Kd2 Rf1 35. Re3 Rf4 36. Kd3 h5 37. gxh5 gxh5 38. c4 Kf5 39. c3
e4+ 40. Kd4 Rf1 41. c5 Rd1+ 42. Kc4 Kf4 43. Re2 Kf3 44. Ra2 e3 45. b5 axb5+ 46.
Kxb5 e2 47. Rxe2 Rb1+ 48. Kc4 Kxe2 49. Kd5 Rh1 50. c6 bxc6+ 51. Kxc6 Kd3 52. c4
Kxc4 53. Kd6 Kd4 54. Ke6 Rxh3 55. Kf5 Ra3 56. Kg5 Ke5 57. Kxh5 Kf5 58. Kh4 Rb3
59. Kh5 59... Rh3# {Wildbill checkmated} 0-1

[Event "ICS rated blitz match"]
[Site "204.178.125.65"]
[Date "1999.10.02"]
[Round "?"]
[White "Wildbill"]
[Black "Hossa"]
[Result "1/2-1/2"]
[WhiteElo "2311"]
[BlackElo "2493"]
[PlyCount "74"]
[EventDate "1999.??.??"]

1. e4 Nf6 2. Nc3 e5 3. f4 exf4 4. Nf3 Bb4 5. d3 d5 6. e5 d4 7. a3 dxc3 8. axb4
cxb2 9. Bxb2 Nd5 10. Bc1 O-O 11. Be2 Na6 12. c4 Nc3 13. Qb3 Nxe2 14. Kxe2 Bg4
15. Bxf4 Qd4 16. Bg3 Rfe8 17. Rhe1 Rad8 18. Rad1 f6 19. Kf1 Bxf3 20. gxf3 fxe5
21. Re4 Qd6 22. c5+ Qd5 23. Qc3 Rf8 24. Kg2 Qa2+ 25. Rd2 Qf7 26. Rf2 Qd5 27.
Bxe5 Qxd3 28. Bxg7 Rxf3 29. Rxf3 Qxe4 30. Bh8 Rd7 31. Qf6 h5 32. Qf8+ Kh7 33.
Bc3 Qg4+ 34. Kf2 Qh4+ 35. Kg2 Qg5+ 36. Kf2 Qh4+ 37. Kg2 37... Qg5+ {
Game drawn by mutual agreement} 1/2-1/2

[Event "ICS rated blitz match"]
[Site "204.178.125.65"]
[Date "1999.09.19"]
[Round "?"]
[White "X28pantera"]
[Black "Hossa"]
[Result "0-1"]
[WhiteElo "2027"]
[BlackElo "2473"]
[PlyCount "78"]
[EventDate "1999.??.??"]

1. e3 d5 2. Nf3 c5 3. b3 Bg4 4. Be2 e6 5. O-O Nd7 6. Bb2 Ngf6 7. c4 Bd6 8. d4
O-O 9. Nbd2 cxd4 10. exd4 Rc8 11. c5 Bf4 12. b4 a5 13. a3 Re8 14. Nb3 axb4 15.
axb4 Ne4 16. Nfd2 Nxd2 17. Nxd2 Bxe2 18. Qxe2 e5 19. dxe5 Nxe5 20. Bxe5 Bxe5
21. Qd3 Bxa1 22. Rxa1 Qf6 23. Rc1 Qe5 24. Nf3 Qf4 25. Rd1 Qxb4 26. Qxd5 Rxc5
27. Qd7 Qe4 28. h3 Qc6 29. Qd3 Rc3 30. Qf5 Rc1 31. Rxc1 Qxc1+ 32. Kh2 g6 33.
Qf6 Qc7+ 34. g3 Qe7 35. Qf4 b5 36. Ng5 b4 37. Qh4 h5 38. Qf4 b3 39. h4 39... b2
{X28pantera resigns} 0-1

[Event "ICS rated blitz match"]
[Site "204.178.125.65"]
[Date "1999.09.03"]
[Round "?"]
[White "XtremelyHard"]
[Black "Hossa"]
[Result "1-0"]
[WhiteElo "2722"]
[BlackElo "2548"]
[PlyCount "67"]
[EventDate "1999.??.??"]

1. e4 c6 2. d4 d5 3. Nc3 Nf6 4. e5 Nfd7 5. e6 fxe6 6. Bd3 g6 7. Qg4 Nf6 8. Qh4
Bg7 9. Bh6 O-O 10. Bxg7 Kxg7 11. Nf3 b6 12. O-O-O c5 13. Ne5 Nfd7 14. f4 cxd4
15. Nc6 Nxc6 16. Ne2 a6 17. Rhe1 Nc5 18. Kb1 Bd7 19. g3 Rc8 20. g4 Nb4 21. Nxd4
Nbxd3 22. cxd3 Kg8 23. Qg3 a5 24. h4 Qc7 25. Re5 Qd6 26. h5 gxh5 27. Rh1 Rf6
28. Rg5+ Kf8 29. gxh5 Rg6 30. hxg6 h5 31. g7+ Kg8 32. Rgxh5 Kf7 33. Rg1 Ke8 34.
g8=Q# {Hossa checkmated} 1-0

[Event "ICS rated blitz match"]
[Site "204.178.125.65"]
[Date "1999.09.08"]
[Round "?"]
[White "XtremelyHard"]
[Black "Hossa"]
[Result "1-0"]
[WhiteElo "2890"]
[BlackElo "2533"]
[PlyCount "79"]
[EventDate "1999.??.??"]

1. e4 e6 2. d4 d5 3. Nc3 c6 4. Bd3 Bb4 5. e5 c5 6. Qg4 g6 7. dxc5 Bxc3+ 8. bxc3
Nc6 9. Bb5 f6 10. Nf3 Kf7 11. Bxc6 bxc6 12. exf6 Qxf6 13. Qd4 Qxd4 14. cxd4 Bd7
15. Ne5+ Ke8 16. Rb1 Ne7 17. c3 Rf8 18. Bh6 Rf5 19. g4 Rxe5+ 20. dxe5 Ng8 21.
Bc1 Bc8 22. h4 h6 23. h5 g5 24. Bxg5 hxg5 25. h6 Ne7 26. h7 Ng6 27. h8=Q+ Nxh8
28. Rxh8+ Kf7 29. Kd2 Kg6 30. Rbh1 Kf7 31. R1h7+ Kg6 32. Re7 Bb7 33. Rhh7 Rg8
34. Rhf7 Kh6 35. Rxe6+ Rg6 36. Re8 Rg8 37. Rxg8 a6 38. Rh8+ Kg6 39. Rhh7 Ba8
40. Rfg7# {Hossa checkmated} 1-0

[Event "ICS rated blitz match"]
[Site "204.178.125.65"]
[Date "1999.09.02"]
[Round "?"]
[White "XtremelyHard"]
[Black "Hossa"]
[Result "1-0"]
[WhiteElo "2680"]
[BlackElo "2533"]
[PlyCount "119"]
[EventDate "1999.??.??"]

1. d4 d5 2. c4 c6 3. Nf3 dxc4 4. g3 c5 5. Qa4+ Bd7 6. Qxc4 cxd4 7. Qxd4 Nc6 8.
Qe3 Nf6 9. Bg2 e6 10. O-O Be7 11. Rd1 Ng4 12. Qb3 Bc5 13. e3 b6 14. Nc3 O-O 15.
h3 Nf6 16. e4 e5 17. Bg5 Bd4 18. Ne2 Na5 19. Qd3 Bxb2 20. Rab1 Ba4 21. Qxd8
Raxd8 22. Rxd8 Rxd8 23. Rxb2 Rd1+ 24. Kh2 Nxe4 25. Be3 f6 26. Nxe5 fxe5 27.
Bxe4 Nc4 28. Rb4 Nxe3 29. Rxa4 Rd2 30. fxe3 Rxe2+ 31. Kg1 Rxe3 32. Kg2 a5 33.
Rc4 Kf8 34. Kf2 Ra3 35. Bb1 Kf7 36. Rc7+ Kf8 37. Rc6 Kf7 38. Rxb6 a4 39. h4 h6
40. Rc6 e4 41. Rc4 e3+ 42. Ke2 g5 43. h5 Kg7 44. Rc6 g4 45. Rg6+ Kf8 46. Rxg4
Kf7 47. Rg6 Rc3 48. Rxh6 Ke7 49. Rb6 Rc5 50. h6 Rc8 51. h7 Kf7 52. g4 Kg7 53.
g5 Rc7 54. Rb8 Kf7 55. h8=Q Ke6 56. Rb6+ Kd5 57. Qd8+ Rd7 58. Qxd7+ Kc4 59.
Bd3+ Kc3 60. Qg7# {Hossa checkmated} 1-0

[Event "ICS rated blitz match"]
[Site "204.178.125.65"]
[Date "1999.09.01"]
[Round "?"]
[White "XtremelyHard"]
[Black "Hossa"]
[Result "1-0"]
[WhiteElo "2434"]
[BlackElo "2516"]
[PlyCount "73"]
[EventDate "1999.??.??"]

1. e4 c5 2. Nf3 Nc6 3. d4 cxd4 4. Nxd4 Nf6 5. Nc3 d6 6. Bg5 Nxd4 7. Qxd4 Nd7 8.
Rd1 e5 9. Qd2 f6 10. Be3 Nb6 11. Bb5+ Kf7 12. Nd5 Be6 13. Bxb6 axb6 14. a3 Rc8
15. c4 Rc5 16. b4 Rc8 17. Qe3 Bxd5 18. Rxd5 Be7 19. O-O Rf8 20. Qh3 Kg8 21.
Rfd1 Rc7 22. c5 bxc5 23. bxc5 Qc8 24. cxd6 Qxh3 25. gxh3 Bxd6 26. Rxd6 Rc5 27.
a4 h5 28. Rd7 Rb8 29. Re7 g5 30. Rd6 Rf8 31. Bd7 Kh8 32. Be6 Rc1+ 33. Kg2 Rc7
34. Rxc7 g4 35. Rdd7 Rf7 36. Rxf7 g3 37. Rh7# {Hossa checkmated} 1-0

[Event "ICS rated blitz match"]
[Site "204.178.125.65"]
[Date "1999.09.01"]
[Round "?"]
[White "XtremelyHard"]
[Black "Hossa"]
[Result "1-0"]
[WhiteElo "2517"]
[BlackElo "2500"]
[PlyCount "84"]
[EventDate "1999.??.??"]

1. e4 c5 2. Nf3 Nc6 3. d4 cxd4 4. Nxd4 Nf6 5. Nc3 d6 6. Bg5 e6 7. Qd2 Be7 8.
Be2 Nxe4 9. Nxe4 Bxg5 10. Nxg5 Nxd4 11. Qxd4 Qxg5 12. Qxd6 Bd7 13. Bf3 O-O-O
14. O-O Bc6 15. Qa3 Bxf3 16. Qxf3 Rd7 17. Rad1 Rhd8 18. Rxd7 Rxd7 19. Qa3 a6
20. Qf8+ Kc7 21. b4 f6 22. c4 Qf4 23. b5 Qxc4 24. bxa6 bxa6 25. h3 Qc2 26. Qa8
Qxa2 27. Rc1+ Kd6 28. Qf8+ Ke5 29. Qb4 h5 30. g4 hxg4 31. Re1+ Kd5 32. Rd1+ Ke5
33. Rxd7 Qa1+ 34. Kh2 gxh3 35. f3 Qa2+ 36. Kxh3 Qd5 37. Rxd5+ exd5 38. Kg4 Ke6
39. Qb6+ Ke7 40. Kf5 Kd7 41. Qxa6 Kc7 42. Ke6 42... f5 {Hossa resigns} 1-0

[Event "ICS rated blitz match"]
[Site "204.178.125.65"]
[Date "1999.09.07"]
[Round "?"]
[White "Yofi-tofi"]
[Black "Hossa"]
[Result "0-1"]
[WhiteElo "2204"]
[BlackElo "2510"]
[PlyCount "38"]
[EventDate "1999.??.??"]

1. d4 Nf6 2. e3 g6 3. f4 Bg7 4. Bd3 O-O 5. e4 d5 6. e5 Ne4 7. Nd2 Nxd2 8. Bxd2
f6 9. Nf3 c5 10. c3 Nc6 11. Be3 fxe5 12. fxe5 cxd4 13. cxd4 Qa5+ 14. Bd2 Qb6
15. Bc3 Bg4 16. Be2 e6 17. h3 Bxf3 18. Bxf3 Rf4 19. Qd2 19... Bh6 {
Yofi-tofi resigns} 0-1

[Event "ICS rated blitz match"]
[Site "204.178.125.65"]
[Date "1999.09.07"]
[Round "?"]
[White "Yofi-tofi"]
[Black "Hossa"]
[Result "0-1"]
[WhiteElo "2210"]
[BlackElo "2500"]
[PlyCount "53"]
[EventDate "1999.??.??"]

1. d4 Nf6 2. c3 d5 3. e3 Bf5 4. Bd3 Bxd3 5. Qxd3 Nbd7 6. f4 c5 7. Nd2 e6 8.
Ngf3 Bd6 9. O-O O-O 10. Ne5 Rc8 11. Qe2 Qe7 12. Kh1 Rc7 13. Rf3 Rfc8 14. Rh3
cxd4 15. exd4 Nb8 16. g4 Ne8 17. Ndf3 Nc6 18. Bd2 Nf6 19. Ng5 Qe8 20. Rg1 a6
21. Bc1 b5 22. a3 Nxd4 23. Qd3 Nc6 24. Nxc6 h6 25. Nd4 hxg5 26. fxg5 Ne4 27.
Ne2 {Yofi-tofi resigns} 0-1

[Event "ICS rated blitz match"]
[Site "204.178.125.65"]
[Date "1999.09.07"]
[Round "?"]
[White "Yofi-tofi"]
[Black "Hossa"]
[Result "1/2-1/2"]
[WhiteElo "2195"]
[BlackElo "2519"]
[PlyCount "99"]
[EventDate "1999.??.??"]

1. d4 Nf6 2. e3 g6 3. Bd3 Bg7 4. Nf3 d5 5. O-O Bg4 6. Nbd2 O-O 7. h3 Bxf3 8.
Nxf3 c5 9. dxc5 Nfd7 10. c4 Nxc5 11. cxd5 Qxd5 12. Bc2 Qxd1 13. Rxd1 Rc8 14.
Rb1 e5 15. b4 Ncd7 16. Bb3 Rc7 17. Ng5 Nf8 18. Rd8 Bf6 19. Nxf7 Kg7 20. Re8
Rxf7 21. Bxf7 Kxf7 22. Rc8 Ne6 23. Ba3 b5 24. Bb2 h5 25. Rd1 a6 26. f4 exf4 27.
Bxf6 Kxf6 28. exf4 Ke7 29. g3 Nf8 30. Kf2 Nfd7 31. Re1+ Kf6 32. Ree8 a5 33.
bxa5 Rxa5 34. Rxb8 Rxa2+ 35. Kf3 Ra3+ 36. Kf2 Nxb8 37. Rxb8 Rb3 38. Rb6+ Kf5
39. g4+ hxg4 40. hxg4+ Kxg4 41. Rxg6+ Kxf4 42. Ke2 Rc3 43. Kd2 Rc4 44. Rb6 Rc5
45. Kd3 Kf3 46. Kd4 Rh5 47. Kc3 Ke4 48. Kb4 Kf3 49. Rxb5 Rxb5+ 50. Kxb5 {
Game drawn because neither player has mating material} 1/2-1/2

[Event "ICS rated blitz match"]
[Site "204.178.125.65"]
[Date "1999.09.07"]
[Round "?"]
[White "Yofi-tofi"]
[Black "Hossa"]
[Result "1/2-1/2"]
[WhiteElo "2202"]
[BlackElo "2512"]
[PlyCount "66"]
[EventDate "1999.??.??"]

1. d4 Nf6 2. c3 d5 3. e3 Bf5 4. Bd3 Bxd3 5. Qxd3 Nbd7 6. f4 c5 7. Nd2 e6 8.
Ngf3 Bd6 9. Ne5 cxd4 10. exd4 O-O 11. O-O Rc8 12. Rf3 Qe7 13. Rh3 Rc7 14. g4 h6
15. g5 hxg5 16. Nxd7 Rxd7 17. fxg5 Nh5 18. Rxh5 g6 19. Rh3 Qxg5+ 20. Kh1 Qf5
21. Qxf5 exf5 22. Nf3 Re7 23. Rg3 Bxg3 24. hxg3 Re2 25. Ne5 Kg7 26. Kg1 Re8 27.
Kf1 Rc2 28. Rb1 Rh8 29. Be3 Rh1+ 30. Bg1 Rh3 31. Bf2 Rh1+ 32. Bg1 Rh3 33. Bf2
33... Rh1+ {Game drawn by mutual agreement} 1/2-1/2

[Event "ICS rated blitz match"]
[Site "204.178.125.65"]
[Date "1999.09.07"]
[Round "?"]
[White "Yofi-tofi"]
[Black "Hossa"]
[Result "0-1"]
[WhiteElo "2221"]
[BlackElo "2489"]
[PlyCount "44"]
[EventDate "1999.??.??"]

1. d4 Nf6 2. c3 d5 3. e3 Bf5 4. c4 e6 5. Nc3 Bb4 6. Qb3 Nc6 7. cxd5 Nxd5 8. Bb5
O-O 9. Bxc6 bxc6 10. Nge2 Bd3 11. Bd2 Bxe2 12. Kxe2 Bxc3 13. Bxc3 c5 14. dxc5
Qh4 15. Rad1 Nxc3+ 16. bxc3 Rfb8 17. Qc2 e5 18. h3 Rb5 19. Rd5 Qc4+ 20. Qd3
Rb2+ 21. Kf1 Qxd3+ 22. Rxd3 22... Rb1+ {Yofi-tofi resigns} 0-1

[Event "ICS rated blitz match"]
[Site "204.178.125.65"]
[Date "1999.09.26"]
[Round "?"]
[White "Yousef"]
[Black "Hossa"]
[Result "0-1"]
[WhiteElo "2327"]
[BlackElo "2503"]
[PlyCount "50"]
[EventDate "1999.??.??"]

1. e4 c6 2. d4 d5 3. e5 e6 4. c3 b6 5. Bd3 Ba6 6. Bc2 c5 7. Qg4 Ne7 8. Ne2 Nbc6
9. Be3 cxd4 10. Bxd4 g6 11. Nd2 Bh6 12. O-O-O O-O 13. f4 Nf5 14. Qf3 Bxe2 15.
Qxe2 Ncxd4 16. cxd4 Nxd4 17. Qf2 Nxc2 18. Kxc2 f6 19. exf6 Qxf6 20. Kb1 Qxf4
21. Qe2 Qf5+ 22. Ka1 Rae8 23. Rhf1 Qc2 24. Rxf8+ Bxf8 25. a3 25... Bg7 {
Yousef resigns} 0-1

[Event "ICS rated blitz match"]
[Site "204.178.125.65"]
[Date "1999.09.18"]
[Round "?"]
[White "Yousef"]
[Black "Hossa"]
[Result "0-1"]
[WhiteElo "2411"]
[BlackElo "2484"]
[Annotator "Fritz 5.32 (15s)"]
[PlyCount "34"]
[EventDate "1999.??.??"]

1. e4 1... e5 {Opening = C20 - 2.---} 2. Be2 Nc6 3. Nf3 Nf6 4. d3 d5 5. Nc3 $15
(5. exd5 Nxd5 6. O-O 6... Bf5 $11) 5... Bb4 {Schwarz erlangt Initiative} 6. O-O
Bxc3 7. bxc3 {Deckt b4+d4} 7... dxe4 8. Ng5 exd3 9. cxd3 Nd5 10. Bh5 {
Wenn Weiss jetzt zu Qf3 kaeme...} 10... O-O 11. Qf3 $19 {Alles auf f7!} (11.
Bxf7+ $5 $142 {muss geprueft werden} 11... Rxf7 12. Qh5 $15) 11... g6 (11...
Nxc3 $6 12. Bxf7+ Kh8 13. Qh5 Qxd3 14. Bc4 $11) 12. Qg3 Nxc3 (12... gxh5 $4 {
Schwarz kann den Laeufer nicht schlagen} 13. Ne6+ Qg5 14. Qxg5+ Kh8 15. Qg7#)
13. Bd2 Nb5 (13... gxh5 $4 {Schwarz muss den Laeufer stehen lassen} 14. Ne6+
Qg5 15. Qxg5+ Kh8 16. Qg7#) 14. Ne4 Nbd4 15. Bg5 (15. Bd1 $19) 15... f6 16. Bh6
(16. Nxf6+ {lenkt den Gegner vielleicht noch ab} 16... Rxf6 17. Qh4 $19) 16...
Nf5 17. Qf3 Nxh6 (17... Nxh6 18. Rfe1 18... Nd4 $19) 0-1

[Event "ICS rated blitz match"]
[Site "204.178.125.65"]
[Date "1999.09.06"]
[Round "?"]
[White "Yousef"]
[Black "Hossa"]
[Result "0-1"]
[WhiteElo "2290"]
[BlackElo "2472"]
[PlyCount "92"]
[EventDate "1999.??.??"]

1. d4 Nf6 2. c4 e6 3. b3 Ne4 4. Bb2 Bb4+ 5. Nc3 Nxc3 6. Qc2 Ne4+ 7. Kd1 Nxf2+
8. Kc1 Nxh1 9. a3 Be7 10. d5 Bf6 11. Nf3 exd5 12. cxd5 O-O 13. e4 c6 14. e5
Bg5+ 15. Kb1 cxd5 16. h4 Bxh4 17. Bd3 h6 18. Ka2 Nf2 19. Bh7+ Kh8 20. e6 dxe6
21. Rf1 Bg3 22. Qc3 f6 23. Bb1 e5 24. Qc2 Ne4 25. Nd2 Ng5 26. Nf3 e4 27. Nxg5
hxg5 28. Rh1+ Kg8 29. Qe2 Nc6 30. Qh5 Bf5 31. Ka1 Qb6 32. Ba2 Qf2 33. b4 Ne7
34. Qd1 Rad8 35. Qa4 Qxg2 36. Rc1 Bf4 37. Re1 Bd2 38. Rd1 Bg4 39. Rb1 a6 40.
Qb3 Rc8 41. b5 axb5 42. a4 b4 43. Bc1 Rxc1 44. Qg3 Bc3+ 45. Qxc3 bxc3 46. Rxc1
46... Qb2# {Yousef checkmated} 0-1

[Event "ICS rated blitz match"]
[Site "204.178.125.65"]
[Date "1999.10.05"]
[Round "?"]
[White "Yousef"]
[Black "Hossa"]
[Result "0-1"]
[WhiteElo "2216"]
[BlackElo "2466"]
[PlyCount "102"]
[EventDate "1999.??.??"]

1. e4 e5 2. Be2 Nc6 3. b3 Nf6 4. Bb2 Nxe4 5. d3 Ng5 6. Nf3 Bb4+ 7. Nbd2 Nxf3+
8. gxf3 Qg5 9. c3 Be7 10. Qc2 O-O 11. O-O-O Qh4 12. Kb1 d5 13. f4 Qxf4 14. h4
Bxh4 15. Nf3 Bxf2 16. Rdf1 Be3 17. Nh4 Qg5 18. d4 e4 19. Bd1 Qg3 20. Bc1 Bxc1
21. Qxc1 Bh3 22. Rfg1 Qxh4 23. Bg4 Qxg4 24. Rxg4 Bxg4 25. Qf4 Bf3 26. Rg1 f5
27. Qxc7 Rf7 28. Qd6 Rd8 29. Qf4 a5 30. Rg5 Bg4 31. a3 b5 32. Kc2 a4 33. b4 Rc8
34. Qd6 Nxd4+ 35. Kb2 Nf3 36. Rxg4 fxg4 37. Qxd5 g3 38. Qxe4 Rd8 39. Qg4 g2 40.
Qxg2 Rd2+ 41. Qxd2 Nxd2 42. Kc2 Nc4 43. Kd3 Rf3+ 44. Kd4 Nxa3 45. Kc5 Rxc3+ 46.
Kb6 Kf8 47. Ka5 Ke8 48. Ka6 Kd7 49. Ka7 Rc7+ 50. Ka6 Kc6 51. Ka5 51... Ra7# {
Yousef checkmated} 0-1